000 00946nmm a2200301 a 4500
003 AR-BaBNM
005 20251128211329.0
008 224020s2000 ||||||||||||||000 | spa||
020 _a950-49-0582-X
040 _cAR-BaBNM
100 1 _aBécquer, Gustavo Adolfo
245 1 0 _aRimas, leyendas y cartas
260 _aBuenos Aires
_bPlaneta
_c2000
300 _a146 p.
_epropuestas metodológicas para el docente
500 _aEdición especial para el trabajo en el aula con guía de actividades de pre-lectura, análisis y lectura comprensiva, y taller de escritura
650 4 _aLITERATURA ESPANOLA
650 4 _aLITERATURA FOLKLORICA
650 4 _aLITERATURA POPULAR
650 4 _aCOSTUMBRES Y TRADICIONES
650 4 _aLEYENDAS
650 4 _aROMANTICISMO
650 4 _aPOESIA
655 _aLITERATURA
700 1 _aIncarnato, Alicia N.
_eintroducción
700 1 _aParis, Diana
_eeditor
942 _cBK
998 _cLaura
999 _c19194
_d19194